000 00547nam a2200229Ia 4500
003 OSt
005 20220928144044.0
006 a|||||r|||| 00| 0
007 ta
008 220927b |||||||| |||| 00| 0 eng d
024 _a23842
037 _cTextual
040 _aSDCL
_cSDCL
_beng
041 _2eng
_aeng
082 _aD66,34, L9
100 _aGardner Floyd M
_9503700
245 0 _aPhaselock techniques.
250 _a2
260 _c1979
942 _hD66,34, L9
_cTEXL
_2CC
999 _c825771
_d825771